000 00343nam a2200121Ia 4500
008 151021s9999 xx 000 0 und d
050 _aLB 1140.4. S 75 1998
245 _a_Early Childhood Education
260 _aNew Delhi A P H Publishing Corporation
300 _a260pg.
500 _aIncludes Index
980 _a^d20110907 05:29:30^okoech
999 _c8128
_d8128